Statistics for Cities of the United Kingdom

Click here to take the quiz!

General Stats

  • This quiz has been taken 70 times
  • The average score is 42 of 69

Answer Stats

RegionAnswer% Correct
EnglandCity of London
98%
EnglandLiverpool
98%
ScotlandAberdeen
97%
EnglandManchester
97%
NIBelfast
95%
WalesCardiff
95%
ScotlandEdinburgh
95%
ScotlandGlasgow
95%
EnglandLeeds
94%
EnglandNewcastle upon Tyne
89%
WalesSwansea
89%
EnglandSouthampton
86%
EnglandBirmingham
84%
EnglandYork
84%
NIDerry
83%
EnglandBristol
81%
EnglandOxford
81%
EnglandSheffield
81%
EnglandBrighton and Hove
78%
EnglandCambridge
78%
EnglandLeicester
78%
EnglandNottingham
76%
EnglandKingston upon Hull
75%
ScotlandInverness
73%
EnglandPlymouth
73%
EnglandPortsmouth
73%
EnglandNorwich
71%
EnglandBath
68%
ScotlandDundee
68%
EnglandExeter
68%
EnglandChester
65%
EnglandLincoln
62%
EnglandBradford
59%
EnglandCoventry
57%
EnglandDurham
57%
EnglandDerby
56%
EnglandSunderland
56%
EnglandCarlisle
54%
EnglandStoke-on-Trent
54%
ScotlandPerth
52%
EnglandWinchester
52%
EnglandWorcester
52%
WalesBangor
51%
EnglandGloucester
51%
EnglandCanterbury
49%
EnglandLancaster
49%
EnglandWolverhampton
48%
WalesNewport
46%
EnglandTruro
46%
WalesSt David's
43%
EnglandPeterborough
41%
EnglandPreston
41%
EnglandEly
40%
EnglandHereford
38%
ScotlandStirling
38%
NIArmagh
35%
NINewry
35%
EnglandSalisbury
35%
NILisburn
33%
EnglandCity of Westminster
30%
EnglandWells
30%
EnglandChichester
29%
EnglandSalford
29%
EnglandSt Albans
29%
EnglandWakefield
27%
WalesSt Asaph
25%
EnglandRipon
24%
EnglandChelmsford
19%
EnglandLichfield
13%

Score Distribution

Percentile by Number Answered

Percent of People with Each Score

Your Score History

You have not taken this quiz